| 000 | 00491cam a2200181 4500 | ||
|---|---|---|---|
| 001 | 6680 | ||
| 005 | 20250411154359.0 | ||
| 008 | 250411b |||||||| |||| 00| 0 eng d | ||
| 010 | _a 2016297775 | ||
| 020 | _a0443020256 | ||
| 082 | _a636.08902 ALS | ||
| 100 | _4Alstead, Stanley. | ||
| 245 | 0 | 4 | _aTextbook of medical treatment. |
| 250 | _a14th ed. | ||
| 264 | 1 |
_aHong Kong : _bSingapore Offset Printing Pte Ltd. , _c1979. |
|
| 300 |
_axii, 495 p. : _c26 cm. _bill. ; |
||
| 942 |
_2ddc _cMAIN |
||
| 999 |
_c10224 _d10225 |
||